Manual de laboratorio para el estudio de los invertebrados (Registro nro. 8002)
[ vista simple ]
| 000 -Cabecera | |
|---|---|
| Campo de control de longitud fija | 00552nam a22002177a 4500 |
| 005 - Fecha y hora de la última transacción | |
| Campo de control | 20240719194024.0 |
| 008 - Elementos de longitud fija--Información general | |
| Campo de control de longitud fija | 160421b1998 cr ||||| |||| 00| 0 spa d |
| 020 ## - International Standard Book Number | |
| Número Internacional Estándar del Libro (ISBN) | 9977675090 |
| 041 ## - Idioma | |
| Código de idioma | Español |
| 082 ## - Clasificación Decimal Dewey | |
| Número de clasificación | 592.078 A779m |
| 100 ## - Entrada principal--Autor personal | |
| Nombre personal | Arroyo Mora, Daisy |
| 9 (RLIN) | 8361 |
| 245 ## - Título propiamente dicho | |
| Título | Manual de laboratorio para el estudio de los invertebrados |
| 260 ## - Pie de imprenta | |
| Lugar de publicación, distribución, etc. | Costa Rica |
| 260 ## - Pie de imprenta | |
| Nombre del editor, distribuidor, etc. | EUCR |
| 260 ## - Pie de imprenta | |
| Fecha de publicación, distribución, etc. | 1998 |
| 300 ## - Descripción física | |
| Extensión | 232 páginas |
| 650 ## - Materia general | |
| Temática (materia general) | INVERTEBRADOS |
| 650 ## - Materia general | |
| Temática (materia general) | CLASIFICACIÓN |
| 650 ## - Materia general | |
| Temática (materia general) | MANUALES DE LABORATORIO |
| 942 ## - Punto de acceso adicional KOHA | |
| Tipo de ítem KOHA | Libro |
| Fuente del sistema de clasificación o colocación | Dewey Decimal Classification |
| Signatura completa | Código de barras | Tipo de ítem |
|---|---|---|
| 592.078 A779m | 20959 | Libro |
| 592.078 A779m | 21747 | Libro |
| 592.078 A779m | 21746 | Libro |
| 592.078 A779m | 21745 | Libro |